Jalisco coral : arreglos de temas populares /

Guardat en:
Dades bibliogràfiques
Autor principal: Estrada Martíntez, Celia Elvira (arreglos e introd.)
Format: Llibre
Publicat: Guadalajara, México : Universidad de Guadalajara, Centro Universitario de Arte, Arquitectura y Diseño, 2012, c2012
Col·lecció:(Coros y Partituras)
Matèries:
Etiquetes: Afegir etiqueta
Sense etiquetes, Sigues el primer a etiquetar aquest registre!

MARC

LEADER 00000nam^a2200000^a^4500
001 000335229
005 20250521000000.0
009 20260526140911.673
037 |a Acervo ITESO - Biblioteca 
041 |a OTR 
082 |a 783. 97235  |b EST 
100 |a Estrada Martíntez, Celia Elvira  |e (arreglos e introd.) 
240 1 5 |a [Las alteñitas] 
240 1 1 |a [¡Ay Jalisco, no te rajes!] 
240 1 4 |a [El carretero] 
240 1 4 |a [El mariachi] 
240 1 1 |a [Guadalajara] 
240 1 4 |a [La culebra] 
240 1 4 |a [La madrugada] 
240 1 5 |a [Los machetes] 
240 1 1 |a [Mi tierra] 
240 1 1 |a [Son de la Negra] 
240 1 1 |a [Toro viejo] 
245 1 3 |a Jalisco coral :  |b arreglos de temas populares /  |c Arreglos e introd. de C.E. Estrada Martínez. 
264 4 |a Guadalajara, México :  |b Universidad de Guadalajara, Centro Universitario de Arte, Arquitectura y Diseño,  |c 2012, c2012 
300 |a 106 p. 
336 |a texto  |b txt  |2 rdacontenido 
337 |a sin mediación  |b n  |2 rdamedio 
338 |a volumen  |b nc  |2 rdasoporte 
440 1 |a (Coros y Partituras) 
521 |a FIL 2022 DIA, 1 ejemplar 
649 |a XX 
650 |a Músicos Jaliscienses 
650 |a Músicos Mexicanos 
650 |a Artistas Jaliscienses 
650 |a Artistas Mexicanos 
650 |a Música Coral -  |z Jalisco -  |x Partituras 
650 |a Música Coral -  |z México -  |x Partituras 
650 |a Música Coral -  |x Partituras 
650 |a Música Vocal -  |z Jalisco -  |x Partituras 
650 |a Música Vocal -  |z México -  |x Partituras 
650 |a Música Vocal -  |x Partituras 
650 |a Música Popular -  |z Jalisco -  |x Partituras 
650 |a Música Popular -  |z México -  |x Partituras 
650 |a Música Popular -  |x Partituras 
650 |a Música Jalisciense  |x Partituras 
650 |a Música Mexicana -  |x Partituras 
910 |a Fondo General 
920 |a Impresos - Libros 
930 |a Colección General 
905 |a 101 
901 |a 0500224919  |b IT1  |c ACC  |i C138059  |u 20250521 
901 |a 0500388427  |b IT1  |c ACC  |i C181254  |u 20250521 
902 |a https://opac.biblio.iteso.mx/vufind/Record/000335229